| 000 | 01046cab a2200313 4500 | ||
|---|---|---|---|
| 001 | ABS47187 | ||
| 008 | 090401t1992 xxu||||| |||| 00| 0 eng d | ||
| 035 | _a(Sirsi) u61000 | ||
| 041 | _aeng | ||
| 100 | _aCowell, A. | ||
| 245 | _aNon-destructive testing of structural timber | ||
| 260 | _c1992 | ||
| 350 | _a0 | ||
| 490 |
_aCS Monthly _bthe Building Surveyor _v2(2) October 1992, 10-11(2) |
||
| 520 | _aAnother article in the series on non-destructive testing this month focusing on timber and timber products either before construction while materials are stored on site or after they have been incorporated into the building fabric. (See also Abs47024 on concrete) | ||
| 650 | _aCHEMICALS | ||
| 650 | _aDAMP METERS | ||
| 650 | _aDAMPNESS | ||
| 650 | _aINSECTS | ||
| 650 | _aMENTOR | ||
| 650 | _aNON-DESTRUCTIVE TESTING | ||
| 650 | _aPENETRATION METER | ||
| 650 | _aPILODYN | ||
| 650 | _aRADIOGRAPHY | ||
| 650 | _aTIMBER FRAMED | ||
| 690 | _aBUILT ENVIRONMENT-BUILDING MATERIALS | ||
| 942 | _n0 | ||
| 948 | _c04/03/1997 | ||
| 999 |
_c37716 _d37716 |
||